000 01095cam a2200337 4500
001 ##L134696
002 ##10157
008 060825n2006 000 0 eng u
020 _a0750668423
035 _a(Sirsi) u134696
041 0 _aeng
050 0 4 _a658.2 $2 18
100 1 _aBooty, Frank
245 0 0 _aFacilities management handbook
250 _a3rd ed.
260 _aOxford
_bButterworth-Heinemann
_c2006
300 _axxii, 473p.
_c24cm.
350 _a49.99
520 _aGives an overview of all aspects of faciities management, including legal compliance, strategic policies and best practice. Includes information on maintenance and risk management, as well as business continuity and IT and communications.
520 _aSupersedes second edition (ISBN 0754523748)
590 _aIKA190906
651 4 _aUnited Kingdom
_y
690 _aMANAGEMENT-FACILITIES MANAGEMENT
700 1 _aBottom, Connel
700 1 _aJeram-Dave, Nistha
700 1 _aSheret, Susan
700 1 _aPerry, Pat
700 1 _aTaylor, Chris
700 1 _aWustemann, Louis
942 _n0
999 _c105783
_d105783